Loading...
| Any History | 10 | 14.00 | 100% | 20% | 20% |
| Current Events | 4 | 20.00 | 100% | 75% | 25% |
| Fine Arts - Classical Music | 8 | 15.00 | 100% | 50% | 0% |
| Fine Arts - Other Fine Arts | 13 | 13.85 | 92% | 46% | 0% |
| Geography | 5 | 18.00 | 100% | 60% | 20% |
| History - American History | 6 | 15.00 | 100% | 33% | 17% |
| History - European History | 7 | 18.57 | 100% | 86% | 0% |
| History - World History | 8 | 18.75 | 100% | 63% | 25% |
| Literature - American Literature | 8 | 11.25 | 88% | 25% | 0% |
| Literature - British Literature | 7 | 15.71 | 100% | 57% | 0% |
| Literature - European Literature | 7 | 11.43 | 86% | 29% | 0% |
| Literature - World Literature | 9 | 13.33 | 89% | 44% | 0% |
| Mythology | 7 | 15.71 | 86% | 57% | 14% |
| Other Academic | 5 | 14.00 | 100% | 40% | 0% |
| Painting & Sculpture | 7 | 20.00 | 100% | 86% | 14% |
| Philosophy | 8 | 21.25 | 100% | 88% | 25% |
| Religion | 8 | 13.75 | 100% | 38% | 0% |
| Science - Biology | 8 | 20.00 | 100% | 100% | 0% |
| Science - Chemistry | 4 | 17.50 | 100% | 50% | 25% |
| Science - Other Science | 9 | 14.44 | 100% | 44% | 0% |
| Science - Physics | 9 | 16.67 | 100% | 56% | 11% |
| Social Science | 9 | 17.78 | 100% | 78% | 0% |